Statistics for La Liga Football Players with Best Goals/Club Goals Ratio 2017/18

Click here to take the quiz!

General Stats

  • This quiz has been taken 68 times
    (61 since last reset)
  • The average score is 7 of 20

Answer Stats

GoalsRatioClubPlayer% Correct
34/9934,3BarcelonaLionel Messi
100%
26/9427,7Real MadridCristiano Ronaldo
89%
25/9925,3BarcelonaLuis Suárez
84%
19/5832,8Atlético MadridAntoine Griezmann
70%
22/5937,3Celta VigoIago Aspas
70%
9/4122Athletic BilbaoArtiz Aduriz
49%
21/5042GironaCristhian Stuani
47%
16/3644,4EspanyolGerard Moreno
44%
15/6622,7Real SociedadWillian José
28%
10/4124,4Athletic BilbaoRaul Garcia
26%
16/6524,6ValenciaRodrigo
26%
15/5726,3VillarrealCarlos Bacca
19%
13/4231GetafeÁngel Rodriguez
18%
18/5930,5Celta VigoMaxi Gómez
16%
10/4422,7LevanteJosé Luis Morales
14%
11/5022GironaPortu
11%
19/2437,5Las PalmasJonathan Calleri
9%
10/4025AlavesMunir El Haddadi
9%
9/3823,7Deportivo La CoruñaAdrián Lopez
5%
8/3622,2EspanyolLeo Baptistao
5%

Score Distribution

Percentile by Number Answered

Percent of People with Each Score

Your Score History

You have not taken this quiz since the last reset